Women Architects and Modernism in India: Narratives and Contemporary Practices (Record no. 8117)

000 -LEADER
fixed length control field 00396nam a22001457a 4500
003 - CONTROL NUMBER IDENTIFIER
control field OSt
005 - DATE AND TIME OF LATEST TRANSACTION
control field 20200804151014.0
008 - FIXED-LENGTH DATA ELEMENTS--GENERAL INFORMATION
fixed length control field 200804b ||||| |||| 00| 0 eng d
020 ## - INTERNATIONAL STANDARD BOOK NUMBER
International Standard Book Number 9781138281424
082 ## - DEWEY DECIMAL CLASSIFICATION NUMBER
Classification number 720.941
Item number DES
100 ## - MAIN ENTRY--PERSONAL NAME
Personal name Desai Madhavi
245 ## - TITLE STATEMENT
Title Women Architects and Modernism in India: Narratives and Contemporary Practices
260 ## - PUBLICATION, DISTRIBUTION, ETC. (IMPRINT)
Place of publication, distribution, etc India
Name of publisher, distributor, etc Routledge
Date of publication, distribution, etc 2017
942 ## - ADDED ENTRY ELEMENTS (KOHA)
Source of classification or shelving scheme
Holdings
Withdrawn status Lost status Source of classification or shelving scheme Damaged status Koha normalized classification for sorting Not for loan Permanent location Current location Date acquired Full call number Barcode Date last seen Price effective from Koha item type
        720_941000000000000_DES   BMS College of Architecture, Design and Planning BMS College of Architecture, Design and Planning 2020-08-04 720.941 DES AR-UG1777 2020-08-04 2020-08-04 UG Books
Copyright © 2025, The Librarian, Library and Information Centre, BMSCA D&P, Bengaluru. All Rights Reserved
web counter

Powered by Koha